Capitale Europe - Statistiques

Statistiques générales
  • Ce quiz a été pris 101 fois
  • Le résultat moyen est 14 sur 15
Statistiques - réponses
Pays Capitale % Correct
Allemagne Berlin
100%
France Paris
100%
Portugal Lisbonne
98%
Ukraine Kiev
97%
Suisse Berne
96%
Grece Athenes
95%
Hongrie Budapest
93%
Pologne Varsovie
93%
Roumanie Bucarest
91%
Coatie Zagreb
91%
Danemark Copenhague
87%
Suede Stockholm
87%
Bulgarie Sofia
82%
Estonnie Tallinn
74%
Bielorussie Minsk
71%
Aucun quiz correspondant
Distribution des résultats
% des personnes avec chaque résultat
Percentile par nombre de réponses
Votre historique - résultats
Vous n’avez pas pris ce quiz